Boeing 787 Operators as of December 2020 - Statistics

General Stats
  • This quiz has been taken 716 times
  • The average score is 31 of 56
Answer Stats
Answer % Correct
United Airlines
95%
American Airlines
93%
British Airways
93%
All Nippon Airways
92%
Air France
87%
Qantas
87%
Japan Airlines
83%
Qatar Airways
82%
Air China
78%
Air India
78%
Etihad Airways
77%
KLM
77%
Singapore Airlines
76%
Air Canada
75%
Air New Zealand
75%
Aeromexico
73%
China Southern Airlines
72%
LATAM
70%
Korean Air
67%
Thai Airways
67%
Ethiopian Airlines
66%
LOT Polish Airlines
65%
Turkish Airlines
65%
Saudia
60%
Vietnam Airlines
60%
EgyptAir
57%
Avianca
55%
Virgin Atlantic
55%
Kenya Airways
53%
El Al
52%
Eva Air
50%
Norwegian Air Shuttle
50%
Royal Air Maroc
47%
Westjet
47%
Oman Air
46%
Royal Jordanian
46%
Scoot
45%
Hainan Airlines
44%
TUI Airways Group
43%
Gulf Air
42%
Biman Bangladesh
38%
Xiamen Airlines
37%
Jetstar
36%
Air Europa
34%
Air Tahiti Nui
30%
Royal Brunei Airlines
30%
Uzbekistan Airways
29%
Air Austral
27%
Vistara
25%
Shanghai Airlines
23%
Air Tanzania
22%
Azerbaijan Airlines
22%
Bamboo Airways
22%
Juneyao Airlines
18%
Neos
18%
Suparna Airlines
8%
No matching quizzes found
Score Distribution
Percent of People with Each Score
Percentile by Number Answered
Your Score History
You have not taken this quiz